000 00464nam a2200181Ia 4500
008 230125s9999 xx 000 0 und d
020 _a9788178847948
041 _aeng
082 _a006.3
_bTUL
100 _aTuli K L
_9118262
245 _aIssues In Artificial Intelligence And Cognitive Science
250 _a1st Ed.
260 _c2011
_bCyber tech publisher
_aNew Delhi
300 _a272p
700 _aTuli K L
_9118262
906 _b238
999 _c96270
_d96270